Fr. Conceicao Rodrigues College of Engineering

Signal analysis (Record no. 29267)

MARC details
000 -LEADER
fixed length control field 00283nam a2200133Ia 4500
100 ## - MAIN ENTRY--PERSONAL NAME
Personal name Papoulis/ Athanasios
245 ## - TITLE STATEMENT
Title Signal analysis
260 ## - PUBLICATION, DISTRIBUTION, ETC.
Name of publisher, distributor, etc. McGraw Hill
Place of publication, distribution, etc. Singapore
Date of publication, distribution, etc. 1986
300 ## - PHYSICAL DESCRIPTION
Extent 431
546 ## - LANGUAGE NOTE
Language note ENGLISH
654 ## - SUBJECT ADDED ENTRY--FACETED TOPICAL TERMS
Focus term Signal analysis
942 ## - ADDED ENTRY ELEMENTS (KOHA)
Koha item type BOOK
Holdings
Withdrawn status Lost status Damaged status Not for loan Collection Home library Current library Date acquired Source of acquisition Cost, normal purchase price Inventory number Total Checkouts Full call number Barcode Date last seen Cost, replacement price Price effective from Koha item type
        CRC Fr. Agnel's C.Rodrigues College of Engineering Fr. Agnel's C.Rodrigues College of Engineering 17/03/2023 Progressive Books 271.15 2059 dt 21.09.92   3871 17/03/2023 271.15 21/09/1992 BOOK